| 000 | 00480nam a2200181Ia 4500 | ||
|---|---|---|---|
| 003 | GCL | ||
| 008 | 140319s9999 xx 000 0 eng d | ||
| 040 |
_aGCL / _cGCL |
||
| 082 | 0 | 4 |
_a613.94 _bS C |
| 100 | 1 | _aSZAREWSKI, ANNE | |
| 245 | 1 | 0 |
_aCONTRACEPTION: A USER HANDBOOK / _cSZAREWSKI, ANNE |
| 700 | 1 | _aGUILLEBAUD, JOHN | |
| 260 |
_a[S.N] : _bOXFORD UNIVERSITY PRESS ، _c1994 |
||
| 300 | _a264 P | ||
| 650 | 0 | 4 | _aPOPULAR - WORKS |
| 650 | 0 | 4 | _aCONTRACEPTION |
| 942 |
_2ddc _cBK |
||
| 999 |
_c11500 _d11500 |
||